Célébrités et Publicités à associer - Clic - Statistiques

Statistiques générales
  • Ce quiz a été pris 174 fois
  • Le résultat moyen est 6 sur 20
Statistiques - réponses
Hint Réponse % Correct
Georges Clooney Nespresso
79%
Johnny Depp Dior (Sauvage)
73%
Eva Longoria L'Oréal
56%
Leonardo Di Caprio Fiat 500
49%
Julia Roberts Lancome
46%
Arnold Schwarzenegger Parkside (perceuses)
41%
Pierre Niney Lacoste (parfum)
35%
Antoine Atol (opticien)
33%
Guy Roux Cristaline
31%
Sharon Stone Afflelou
23%
Nicole Kidman Schweppes
22%
Morgan Freeman Turkish Airlines
22%
Zinédine Zidane Volvic
22%
Robert De Niro KIA
20%
Lorant Deutsch Yop
14%
Simon Baker Givenchy
12%
Emma De Caunes Crunch
9%
Frédéric Diefenthal Lu (Hello de Lu)
9%
Mylène Farmer Loto (Jeu de hasard)
6%
Carla Bruni Philips (Lave-Linge)
4%
Aucun quiz correspondant
Distribution des résultats
% des personnes avec chaque résultat
Percentile par nombre de réponses
Votre historique - résultats
Vous n’avez pas pris ce quiz